[Event "Bundesliga 1213"]
[Site "Germany"]
[Date "2013.04.06"]
[Round "14.7"]
[White "Seger, Ruediger"]
[Black "Kuci, Blerim"]
[Result "1-0"]
[WhiteElo "2390"]
[BlackElo "2209"]
[PlyCount "77"]
[EventDate "2012.10.20"]
[EventType "team-tourn"]
[EventRounds "15"]
[EventCountry "GER"]
[SourceTitle "CBM 154"]
[Source "ChessBase"]
[SourceDate "2013.05.15"]
[SourceVersion "1"]
[SourceVersionDate "2013.05.15"]
[SourceQuality "1"]
[WhiteTeam "Trier"]
[BlackTeam "Hockenheim"]
[WhiteTeamCountry "GER"]
[BlackTeamCountry "GER"]

1. e4 d5 2. exd5 Qxd5 3. Nc3 Qa5 4. d4 Nf6 5. Nf3 Bg4 6. h3 Bxf3 7. Qxf3 c6 8. Bd2 Nbd7 9. 0-0-0 e6 10. Kb1 Qc7 11. g4 Nd5 12. Ne4 N7f6 13. Nxf6+ Nxf6 14. c4 0-0-0 15. Bc3 Ne8 16. Bg2 Bd6 17. Rhe1 Kb8 18. Re2 Rd7 19. Rde1 Re7 20. b4 Ka8 21. Rb2 Qc8 22. c5 Bb8 23. b5 cxb5 24. Rxb5 Nf6 25. c6 Nd5 26. Rxd5 Qxc6 27. Rc5 Qa6 28. Ka1 Bd6 29. Ra5 Qc4 30. Rb1 Rb8 31. Rab5 Qc8 32. Bd2 Rc7 33. Qb3 Qd7 34. Qa4 Bc5 35. Be3 Bb6 36. d5 Bxe3 37. fxe3 Rc5 38. dxe6 fxe6 39. Rxb7 1-0

[Event "Verbandsliga Nord Baden 1213"]
[Site "Baden"]
[Date "2013.03.03"]
[Round "7.6"]
[White "Mueller, Jens"]
[Black "Kuci, Blerim"]
[Result "1/2-1/2"]
[WhiteElo "2031"]
[BlackElo "2209"]
[PlyCount "89"]
[EventDate "2012.10.21"]
[EventType "team-tourn"]
[EventRounds "9"]
[EventCountry "GER"]
[SourceTitle "EXT 2014"]
[Source "ChessBase"]
[SourceDate "2013.11.20"]
[SourceVersion "1"]
[SourceVersionDate "2013.11.20"]
[SourceQuality "1"]
[WhiteTeam "Weinheim"]
[BlackTeam "Hockenheim II"]
[WhiteTeamCountry "GER"]
[BlackTeamCountry "GER"]

1. e4 e5 2. Nf3 Nc6 3. c3 d6 4. d4 Bg4 5. Bb5 exd4 6. Qa4 Nge7 7. Nxd4 Bd7 8. Nxc6 Bxc6 9. 0-0 Qd7 10. Bxc6 Nxc6 11. Be3 Be7 12. Nd2 0-0 13. Rad1 a6 14. Qc2 b5 15. f4 f5 16. Qb3+ Kh8 17. Qd5 Rae8 18. e5 Na5 19. Nf3 Nc4 20. Bc1 c6 21. Qd3 Qa7+ 22. Kh1 Rd8 23. Qe2 Qd7 24. b3 Nb6 25. exd6 Bxd6 26. Ba3 Qc7 27. Bxd6 Rxd6 28. Qe5 Rfd8 29. Rxd6 Qxd6 30. Qxf5 Rf8 31. Qe5 Qd3 32. Re1 h6 33. Qd4 Qxd4 34. Nxd4 Rxf4 35. Nxc6 Rf2 36. Ra1 Nd5 37. Kg1 Rd2 38. c4 bxc4 39. bxc4 Ne3 40. Nb4 a5 41. Nc6 Nxc4 42. a4 Rd6 43. Na7 Rd2 44. Nc6 Rd6 45. Na7 1/2-1/2

[Event "Bundesliga 1112"]
[Site "Germany"]
[Date "2012.04.15"]
[Round "15.8"]
[White "Kuci, Blerim"]
[Black "Schlosser, Philipp"]
[Result "0-1"]
[WhiteElo "2210"]
[BlackElo "2591"]
[PlyCount "82"]
[EventDate "2011.10.14"]
[EventType "team-tourn"]
[EventRounds "15"]
[EventCountry "GER"]
[SourceTitle "CBM 148"]
[Source "ChessBase"]
[SourceDate "2012.05.16"]
[SourceVersion "1"]
[SourceVersionDate "2012.05.16"]
[SourceQuality "1"]
[WhiteTeam "Hockenheim"]
[BlackTeam "Baden-Baden"]
[WhiteTeamCountry "GER"]
[BlackTeamCountry "GER"]

1. e4 c5 2. Nf3 Nc6 3. d3 g6 4. g3 Bg7 5. Bg2 e5 6. 0-0 Nge7 7. c3 0-0 8. Nh4 d5 9. f4 exf4 10. gxf4 dxe4 11. dxe4 Qxd1 12. Rxd1 Bg4 13. Re1 Rad8 14. Be3 b6 15. Nd2 f5 16. h3 Bh5 17. Ndf3 h6 18. exf5 Nxf5 19. Nxf5 Rxf5 20. Nh4 Rf6 21. c4 Nb4 22. b3 Nc2 23. Bd5+ Rxd5 24. cxd5 Nxa1 25. Rxa1 Rd6 26. Rf1 Rxd5 27. f5 g5 28. f6 Bf8 29. Ng2 Kf7 30. h4 Bd6 31. hxg5 hxg5 32. Bc1 Be2 33. Ne3 Rd4 34. Rf2 Bd3 35. Bb2 Re4 36. Ng2 c4 37. Rd2 Bb4 38. Rd1 Re2 39. Bd4 Be4 40. Ne3 c3 41. a3 c2 0-1

[Event "Oberliga Baden 0809"]
[Site "Germany"]
[Date "2009.03.29"]
[Round "9.6"]
[White "Kuci, Blerim"]
[Black "Schlager, Thomas"]
[Result "1/2-1/2"]
[WhiteElo "2188"]
[BlackElo "2273"]
[PlyCount "73"]
[EventDate "2008.10.05"]
[EventType "team-tourn"]
[EventRounds "9"]
[EventCountry "GER"]
[SourceTitle "EXT 2010"]
[Source "ChessBase"]
[SourceDate "2010.11.25"]
[SourceVersion "1"]
[SourceVersionDate "2010.11.25"]
[SourceQuality "1"]
[WhiteTeam "Hockenheim"]
[BlackTeam "Karlsruhe"]
[WhiteTeamCountry "GER"]
[BlackTeamCountry "GER"]

1. Nf3 d5 2. d3 Nc6 3. Nbd2 e5 4. e4 Nf6 5. g3 dxe4 6. dxe4 Bc5 7. Bg2 0-0 8. 0-0 b6 9. Qe2 a5 10. Nb3 Bd6 11. a4 Nd7 12. Be3 Qe7 13. Nfd2 Nb4 14. Rac1 Ba6 15. c4 Nc5 16. Nxc5 Bxc5 17. Rfd1 Rad8 18. Nf1 Nc6 19. b3 Bd4 20. Bxd4 Nxd4 21. Qb2 Qb4 22. Rd3 c6 23. Kh1 b5 24. axb5 cxb5 25. c5 a4 26. Ne3 Nxb3 27. Nd5 Qa5 28. Rxb3 axb3 29. Ra1 Qa4 30. Rxa4 bxa4 31. Kg1 Rb8 32. Bf1 Bxf1 33. Kxf1 a3 34. Qxa3 b2 35. Nc3 b1Q+ 36. Nxb1 Rxb1+ 37. Kg2 1/2-1/2

[Event "Oberliga Baden 0809"]
[Site "Germany"]
[Date "2008.12.14"]
[Round "4.6"]
[White "Klee, Helmut"]
[Black "Kuci, Blerim"]
[Result "1/2-1/2"]
[WhiteElo "2134"]
[BlackElo "2188"]
[PlyCount "30"]
[EventDate "2008.10.05"]
[EventType "team-tourn"]
[EventRounds "9"]
[EventCountry "GER"]
[SourceTitle "EXT 2010"]
[Source "ChessBase"]
[SourceDate "2010.11.25"]
[SourceVersion "1"]
[SourceVersionDate "2010.11.25"]
[SourceQuality "1"]
[WhiteTeam "Viernheim"]
[BlackTeam "Hockenheim"]
[WhiteTeamCountry "GER"]
[BlackTeamCountry "GER"]

1. d4 Nf6 2. Nf3 g6 3. c4 Bg7 4. Nc3 d6 5. e4 0-0 6. Be2 Nbd7 7. 0-0 e5 8. dxe5 dxe5 9. Qc2 c6 10. Na4 Nh5 11. Rd1 Nf4 12. Bf1 Qe7 13. c5 Nf6 14. h3 Ne8 15. Be3 f5 1/2-1/2

[Event "Oberliga Baden 0708"]
[Site "Germany"]
[Date "2008.02.10"]
[Round "6.7"]
[White "Zaskalski, Arkadiusz"]
[Black "Kuci, Blerim"]
[Result "1-0"]
[WhiteElo "2207"]
[BlackElo "2180"]
[PlyCount "95"]
[EventDate "2007.10.21"]
[EventType "team-tourn"]
[EventRounds "9"]
[EventCountry "GER"]
[SourceTitle "EXT 2009"]
[Source "ChessBase"]
[SourceDate "2008.11.26"]
[SourceVersion "1"]
[SourceVersionDate "2008.11.26"]
[SourceQuality "1"]
[WhiteTeam "Neuhausen"]
[BlackTeam "Hockenheim"]
[WhiteTeamCountry "GER"]
[BlackTeamCountry "GER"]

1. Nf3 d6 2. d4 Nd7 3. c4 e5 4. Nc3 Ngf6 5. g3 Be7 6. Bg2 0-0 7. 0-0 c6 8. e4 Qc7 9. h3 a5 10. Be3 Re8 11. Qc2 Bf8 12. Rad1 b6 13. Rfe1 Ba6 14. b3 Rac8 15. g4 b5 16. c5 dxc5 17. dxe5 Nxe5 18. Nxe5 Qxe5 19. f4 Qc7 20. e5 Nd7 21. Ne4 c4 22. bxc4 bxc4 23. Ng5 g6 24. Ne4 Rcd8 25. Rxd7 Rxd7 26. Nf6+ Kh8 27. Nxe8 Qd8 28. Nd6 Bxd6 29. exd6 Rxd6 30. Bf1 Kg8 31. Qc3 Bc8 32. Bxc4 h5 33. g5 Bxh3 34. Bc5 Rd1 35. Rxd1 Qxd1+ 36. Kh2 Bf5 37. Qd4 Qe1 38. Qe3 Qh4+ 39. Kg2 Qg4+ 40. Kf2 Bd7 41. Bxf7+ Kh7 42. Bb3 Qh4+ 43. Ke2 Qg4+ 44. Kd2 Qg2+ 45. Kc1 Qf1+ 46. Kb2 Qg2+ 47. Ka3 Kh8 48. Qe5+ 1-0

[Event "Oberliga Baden 0708"]
[Site "Germany"]
[Date "2007.12.09"]
[Round "4.8"]
[White "Kuci, Blerim"]
[Black "Fervers, Lukas"]
[Result "1/2-1/2"]
[WhiteElo "2180"]
[BlackElo "2073"]
[PlyCount "62"]
[EventDate "2007.10.21"]
[EventType "team-tourn"]
[EventRounds "9"]
[EventCountry "GER"]
[SourceTitle "EXT 2009"]
[Source "ChessBase"]
[SourceDate "2008.11.26"]
[SourceVersion "1"]
[SourceVersionDate "2008.11.26"]
[SourceQuality "1"]
[WhiteTeam "Hockenheim"]
[BlackTeam "Zaehringen"]
[WhiteTeamCountry "GER"]
[BlackTeamCountry "GER"]

1. Nf3 f5 2. d4 g6 3. c4 Nf6 4. Nc3 Bg7 5. e3 0-0 6. Bd3 d6 7. 0-0 Nc6 8. d5 Nb4 9. Bb1 Na6 10. Nd4 Nc5 11. b4 Nce4 12. Nxe4 fxe4 13. Bb2 e5 14. dxe6 Qe7 15. Bc2 Bxe6 16. Nxe6 Qxe6 17. Bb3 c6 18. h3 Nh5 19. Rb1 Rf7 20. a4 Raf8 21. Qd2 Bxb2 22. Qxb2 Ng7 23. Rbd1 Nf5 24. a5 Qe7 25. Qb1 Re8 26. Bc2 Qg5 27. Kh1 Rfe7 28. Rd2 Nh4 29. Rg1 Qf5 30. Qd1 Rf7 31. Qe2 Qe5 1/2-1/2

[Event "Baden-ch"]
[Site "Ottenau"]
[Date "2005.03.31"]
[Round "9"]
[White "Kuci, Blerim"]
[Black "Schneider, Bernd2222"]
[Result "0-1"]
[WhiteElo "2175"]
[BlackElo "2293"]
[PlyCount "61"]
[EventDate "2005.03.25"]
[EventType "swiss"]
[EventRounds "11"]
[EventCountry "GER"]
[SourceTitle "CBM 105 Extra"]
[Source "ChessBase"]
[SourceDate "2005.05.01"]
[SourceVersion "1"]
[SourceVersionDate "2005.05.01"]
[SourceQuality "1"]

1. Nf3 e6 2. d4 c5 3. c3 Nf6 4. e3 b6 5. Nbd2 Be7 6. Bd3 Ba6 7. Qe2 Bxd3 8. Qxd3 0-0 9. e4 cxd4 10. Nxd4 Nc6 11. N2f3 Nxd4 12. Nxd4 d5 13. e5 Nd7 14. Nc6 Qe8 15. Qg3 Kh8 16. Nd4 Nc5 17. 0-0 Rc8 18. Be3 Rc7 19. Rfd1 b5 20. Qg5 Qb8 21. f4 g6 22. Rf1 b4 23. cxb4 Qxb4 24. Rf3 Qxb2 25. Raf1 Ne4 26. Rh3 Rc3 27. Nxe6 Rxe3 28. Rh6 fxe6 29. Qxg6 Ng5 30. h4 Rg8 31. Qh5 0-1

[Event "Baden-ch"]
[Site "Ottenau"]
[Date "2005.03.30"]
[Round "7"]
[White "Duessel, Udo"]
[Black "Kuci, Blerim"]
[Result "1/2-1/2"]
[WhiteElo "2172"]
[BlackElo "2175"]
[PlyCount "59"]
[EventDate "2005.03.25"]
[EventType "swiss"]
[EventRounds "11"]
[EventCountry "GER"]
[SourceTitle "CBM 105 Extra"]
[Source "ChessBase"]
[SourceDate "2005.05.01"]
[SourceVersion "1"]
[SourceVersionDate "2005.05.01"]
[SourceQuality "1"]

1. d4 d5 2. c4 c6 3. Nf3 Nf6 4. Nc3 e6 5. Bg5 Be7 6. e3 Nbd7 7. Qc2 a6 8. Bd3 dxc4 9. Bxc4 b5 10. Be2 c5 11. 0-0 Bb7 12. Rfd1 cxd4 13. Nxd4 Qb6 14. a3 Rc8 15. Bf3 h6 16. Bh4 0-0 17. Bxb7 Qxb7 18. Qe2 Nb6 19. e4 Rfd8 20. e5 Nfd5 21. Nxd5 Rxd5 22. Bxe7 Qxe7 23. Nf3 Qc5 24. h3 Qc2 25. Qxc2 Rxc2 26. Rxd5 Nxd5 27. b3 Kf8 28. Nd4 Rd2 29. Nc6 Rc2 30. Nb4 1/2-1/2

[Event "Baden-ch"]
[Site "Ottenau"]
[Date "2005.03.26"]
[Round "3"]
[White "Scherer, Max"]
[Black "Kuci, Blerim"]
[Result "1-0"]
[WhiteElo "2325"]
[BlackElo "2175"]
[PlyCount "88"]
[EventDate "2005.03.25"]
[EventType "swiss"]
[EventRounds "11"]
[EventCountry "GER"]
[SourceTitle "CBM 105 Extra"]
[Source "ChessBase"]
[SourceDate "2005.05.01"]
[SourceVersion "1"]
[SourceVersionDate "2005.05.01"]
[SourceQuality "1"]

1. c4 c6 2. Nf3 d5 3. g3 g6 4. Bg2 Bg7 5. d4 e6 6. Nbd2 Ne7 7. e4 0-0 8. 0-0 Nd7 9. b3 b6 10. Ba3 Bb7 11. Qc2 Rc8 12. Rad1 Re8 13. Rfe1 Qc7 14. Re2 dxe4 15. Nxe4 c5 16. dxc5 Bxe4 17. Qxe4 Nxc5 18. Qc2 Red8 19. Red2 Nc6 20. b4 Nb7 21. Ng5 Rxd2 22. Rxd2 Rd8 23. Rxd8+ Ncxd8 24. Ne4 f5 25. Nd2 Nd6 26. Bf1 Nb5 27. Bb2 Nd4 28. Bxd4 Bxd4 29. Nb3 Bf6 30. c5 e5 31. Bc4+ Kg7 32. Qd3 Nc6 33. b5 Nb4 34. Qd2 bxc5 35. a3 a5 36. axb4 cxb4 37. Qd5 Kh6 38. Nc5 e4 39. Nd7 b3 40. b6 b2 41. bxc7 b1Q+ 42. Bf1 e3 43. c8Q Qe1 44. Qf3 exf2+ 1-0

[Event "Eppingen op"]
[Site "Eppingen"]
[Date "2004.04.14"]
[Round "8.8"]
[White "Guenthner, Oliver"]
[Black "Kuci, Blerim"]
[Result "1/2-1/2"]
[WhiteElo "2303"]
[BlackElo "2097"]
[PlyCount "34"]
[EventDate "2004.04.09"]
[EventType "swiss"]
[EventRounds "11"]
[EventCountry "GER"]
[SourceTitle "CBM 099 Extra"]
[Source "ChessBase"]
[SourceDate "2004.05.04"]
[SourceVersion "1"]
[SourceVersionDate "2004.05.04"]
[SourceQuality "1"]

1. c4 c6 2. Nf3 Nf6 3. b3 d5 4. Bb2 e6 5. g3 Be7 6. Bg2 0-0 7. 0-0 b6 8. d3 Bb7 9. Nbd2 c5 10. Ne5 Nc6 11. Nxc6 Bxc6 12. e4 dxe4 13. dxe4 Qc7 14. e5 Nd7 15. Qe2 Bxg2 16. Kxg2 Rad8 17. Rad1 Nb8 1/2-1/2

[Event "Eppingen op"]
[Site "Eppingen"]
[Date "2004.04.13"]
[Round "6.15"]
[White "Bloessl, Walter"]
[Black "Kuci, Blerim"]
[Result "0-1"]
[WhiteElo "2250"]
[BlackElo "2097"]
[PlyCount "90"]
[EventDate "2004.04.09"]
[EventType "swiss"]
[EventRounds "11"]
[EventCountry "GER"]
[SourceTitle "CBM 099 Extra"]
[Source "ChessBase"]
[SourceDate "2004.05.04"]
[SourceVersion "1"]
[SourceVersionDate "2004.05.04"]
[SourceQuality "1"]

1. e4 d5 2. exd5 Qxd5 3. Nc3 Qa5 4. Nf3 Nf6 5. d3 Bg4 6. Be2 e6 7. h3 Bh5 8. Bd2 c6 9. 0-0 Qc7 10. Re1 Be7 11. b4 0-0 12. Rb1 Nbd7 13. Bf1 Bd6 14. g4 Bg6 15. Bg2 Rad8 16. Qc1 Nd5 17. Ne2 b6 18. Nh4 e5 19. b5 Ne7 20. a4 Nc5 21. Nxg6 hxg6 22. Nc3 Qd7 23. Qb2 Bb8 24. Qa2 cxb5 25. axb5 Kh8 26. Rb4 Qd6 27. Rc4 Qf6 28. Re3 Nc8 29. h4 Nd6 30. g5 Qe6 31. Bd5 Qd7 32. Rb4 Nf5 33. Rh3 Nd4 34. Bg2 Qg4 35. Kh1 Qe6 36. h5 Qxa2 37. hxg6+ Kg8 38. Nxa2 fxg6 39. Nc3 Rxf2 40. Be3 Rxc2 41. Bd5+ Kf8 42. Rh8+ Ke7 43. Rxd8 Kxd8 44. Ne4 Nxd3 45. Bxd4 Nxb4 0-1

[Event "Eppingen op"]
[Site "Eppingen"]
[Date "2004.04.12"]
[Round "5.14"]
[White "Kuci, Blerim"]
[Black "Inhoven, Stefan"]
[Result "1/2-1/2"]
[WhiteElo "2097"]
[BlackElo "2231"]
[PlyCount "35"]
[EventDate "2004.04.09"]
[EventType "swiss"]
[EventRounds "11"]
[EventCountry "GER"]
[SourceTitle "CBM 099 Extra"]
[Source "ChessBase"]
[SourceDate "2004.05.04"]
[SourceVersion "1"]
[SourceVersionDate "2004.05.04"]
[SourceQuality "1"]

1. e4 d5 2. exd5 Qxd5 3. Nc3 Qd6 4. Bc4 Nf6 5. h3 a6 6. d4 b5 7. Qf3 Ra7 8. Bf4 Qb4 9. Bb3 e6 10. Qe3 Bd6 11. Bg5 c5 12. dxc5 Bxc5 13. Qg3 Bd6 14. Qe3 Rd7 15. Nge2 Bc5 16. Qg3 Bd6 17. Qe3 Bc5 18. Qg3 1/2-1/2